| 000 | 01256naa a22003497a 4500 | ||
|---|---|---|---|
| 001 | BR9606259 | ||
| 003 | BR-BrBNA | ||
| 005 | 20250721155539.0 | ||
| 007 | ta | ||
| 008 | 250630b bl.|||m| |||| 00| 0 por d | ||
| 040 |
_aBR-BrBNA _bpor _cBiblioteca Nacional de Agricultura |
||
| 041 | _a(Pt) | ||
| 072 |
_aH20 _b2320 _b4120 |
||
| 090 | _aH20 BR9606259 | ||
| 100 | 1 | _aStein, R.L.B. | |
| 100 | 1 | _aAlbuquerque, F.C. de | |
| 100 | 1 | _aChu, E.Y. | |
| 100 | 1 | _aAbe, Z. | |
| 100 | 1 | _aUeda, Y. | |
| 100 | 1 | _aYoneyama, S. | |
| 100 | 1 | _aEndo, T. | |
| 245 | 1 | _aLevantamento de microrganismos potencialmente ativos contra Fusarium solani f.sp. piperis | |
| 500 | _aGeracao de tecnologia agroindustrial para o desenvolvimento do tropico umido Belem, PA (Brasil): 1996. p. 109-124 [Summaries (En, Pt)] (BR9606259-AMS) | ||
| 773 | 0 |
_tGeracao de tecnologia agroindustrial para o desenvolvimento do tropico umido _wH20 BR9606259 _gBelem, PA (Brasil), 1996. p. 109-124 |
|
| 650 | _aPimenta do Reino | ||
| 650 | _aFusariose | ||
| 650 | _aMIcrorganismo | ||
| 650 | _aControle Biologico | ||
| 490 |
_aDocumentos - Centro de Pesquisa Agroflorestal da Amazonia Oriental (Brazil) _vno. 85 |
||
| 942 |
_cAMS _2AGRIS |
||
| 909 |
_a202506 _bLúcia _c55 _dLúcia Elande |
||
| 999 |
_c337154 _d337154 |
||